00779nab a2200217uuc4500001000800000005001700008008004100025035001200066040001300078041000800091100003800099245007600137650002100213650002400234650002800258650002800286650003500314650004200349650003600391773013400427137557220240202115652.0140624e20140105 spa  a1375572 ccomduadb aspa10aAntonio, Zoila Santiago4auteaut14aLos niños y jóvenes infractores de la ciudad de México, 1920-1937 aFamilia - Mexico aInfancia y sociedad aAdolescencia - México aInfancia y adolescencia aInfancia - México - Historia aMéxico (Ciudad) - Aspectos sociales aDelincuencia juvenil - México0 tSecuencia : Revista de Historia y Ciencias Sociales (México)gNúmero 088, Enero-Abril 2014, 191-215w227744x0186-0348096358